000 00900nam a2200217Ii 4500
003 JO-AjNU
008 230605s9999||||xx |||||||||||||| ||und||
017 _a2007/4/890
040 _aJO-AjNU
_bara
_erda
_cJO-AjNU
041 _aara
050 1 4 _aDS36.8.M87 2007
100 3 _aجامعة فيلادافيا، أبو أصبع، صالح مراجع ومحرر، عبيدالله، يوسف مراجع ومحرر,
_eauthor
_933560
245 0 0 _aثقافة الخوف: مؤتمر فيلادلفيا الدولي الحادي عشر 24-26 نيسان (ابريل) 2006 بحوث محكمة (2)
264 3 1 _aعمان: جامعة فيلادلفيا ، 2007
300 _a420ص
336 _atext
_btxt
_2rdacontent
337 _aunmediated
_bn
_2rdamedia
338 _avolume
_bnc
_2rdacarrier
490 0 _aمنشورات جامعة فيلادلفيا
650 4 _aالخوف - مؤتمرات
_933561
999 _aA13673
_c17241
_d17241